Cobuild : English grammar

Bibliographic Details
Format: Book
Published: glasgow : haper collins publisher , 1990
Subjects:

MARC

LEADER 00000cam a2200000 7i4500
001 0000012209
005 20050420.0
020 |a 000370257X 
040 |a INS 
090 0 0 |a PE1111   |b C639 1990 
245 1 0 |a Cobuild :   |b English grammar   |c helping learners with real english 
260 |a glasgow :   |b haper collins publisher ,   |c 1990 
300 |a xxiii :   |b 486p ;   |c 24cm. 
650 0 0 |a english language   |x grammar 
999 |a 0000011878   |b BOOK   |c Open Shelf   |e Default branch